[Event "HCL-A2586"]
[Site "www.playchess.de"]
[Date "2006.03.30"]
[Round "23"]
[White "RUDI"]
[Black "Felipe_Lungov"]
[WhiteElo "1258"]
[BlackElo "1274"]
[PlyCount "102"]
[Result "0-1"]

1.e4 e6 2.d4 d5 3.e5 c5 4.Nf3 Nc6 5.Be2 Qb6 6.c3 
Nge7 7.O-O Nf5 8.dxc5 Bxc5 9.Qc2 O-O 10.Nbd2 Qc7 
11.Ng5 Nxe5 12.Ndf3 h6 13.Nh3 b6 14.Bf4 Bd6 
15.Nxe5 Bxe5 16.Bxe5 Qxe5 17.Rae1 Qd6 18.Bf3 Ba6 
19.Be2 Bxe2 20.Rxe2 Rac8 21.Qd3 Rc7 22.f3 d4 
23.Rc1 Rfc8 24.Rcc2 dxc3 25.Rxc3 Qxd3 26.Rxd3 
R7c1+ 27.Kf2 R8c2 28.Rd8+ Kh7 29.a3 Rxe2+ 30.Kxe2 
Rc2+ 31.Rd2 Nd4+ 32.Kd1 Rxd2+ 33.Kxd2 Kg6 34.Nf4+ 
Kf5 35.Ne2 Nxe2 36.Kxe2 g5 37.Ke3 h5 38.h3 Ke5 
39.g3 f5 40.b4 f4+ 41.gxf4+ gxf4+ 42.Kd3 b5 43.h4 
Kf5 44.Kd4 e5+ 45.Kd3 a6 46.Ke2 e4 47.fxe4+ Kxe4 
48.Kf2 f3 49.Kf1 Kf4 50.Kf2 Kg4 51.Ke3 
Kg3 0-1

[Event "HCL-A2635"]
[Site "www.playchess.de"]
[Date "2006.03.30"]
[Round "8"]
[White "blackburne"]
[Black "baggur"]
[WhiteElo "1643"]
[BlackElo "1601"]
[PlyCount "38"]
[Result "0-1"]

1.e4 {Hello again!}  c5 {hi again and good luck}  
2.f4 Nc6 3.Nc3 d6 4.Nf3 Nf6 5.d4 cxd4 6.Nxd4 g6 
7.h3 Bg7 8.Be3 O-O 9.Bc4 a6 10.a4 Bd7 11.O-O Rc8 
12.Ba2 Nxd4 13.Bxd4 Qa5 14.g4 e5 15.Be3 Qb4 16.Nd5 
Qxe4 17.Ne7+ Kh8 18.Nxc8 Qxe3+ 19.Rf2 
Ne4 0-1

[Event "HCL-A2666"]
[Site "www.playchess.de"]
[Date "2006.03.30"]
[Round "15"]
[White "grannialex"]
[Black "Djusta"]
[WhiteElo "1827"]
[BlackElo "1204"]
[PlyCount "94"]
[Result "1-0"]

1.d4 d5 2.c4 c6 3.Nc3 Bg4 4.cxd5 cxd5 5.Qb3 Na6 
6.Qxb7 Nc7 7.Bf4 Rc8 8.e3 a6 9.Bxc7 Rxc7 10.Qxa6 
Bd7 11.Nf3 Rc6 12.Qa7 Rc7 13.Qb6 e6 14.Ne5 Be7 
15.Nxd7 Rxd7 16.Qxd8+ Kxd8 17.Bb5 Ra7 18.Ke2 Nf6 
19.Rhc1 Bd6 20.g3 Ke7 21.Bd3 e5 22.Nb5 Rb7 23.Nxd6 
Rxb2+ 24.Rc2 Rxc2+ 25.Bxc2 Kxd6 26.dxe5+ Kxe5 
27.a4 Ne4 28.Bxe4 dxe4 29.a5 Kd5 30.a6 Kc5 31.a7 
Ra8 32.Kd2 f5 33.Kc3 h6 34.h4 h5 35.Ra2 g6 36.Ra1 
f4 37.exf4 Kd5 38.Kb4 e3 39.fxe3 Ke4 40.Kb5 Kxe3 
41.Kb6 Kf2 42.Ra3 Rf8 43.a8Q Rxa8 44.Rxa8 Kxg3 
45.Rg8 Kxf4 46.Rxg6 Kf5 47.Rg5+ 
Kf4 1-0

[Event "HCL-B3932"]
[Site "www.playchess.de"]
[Date "2006.03.30"]
[Round "3"]
[White "Maneco"]
[Black "schnitzly"]
[WhiteElo "1111"]
[BlackElo "1308"]
[PlyCount "69"]
[Result "1-0"]

1.e4 {Hello friend! have a nice game!}  e5 
{thanks! Much fun!}  2.Nf3 Nf6 3.Nc3 Nc6 4.Be2 Bb4 
5.d3 O-O 6.O-O Re8 7.Bd2 a6 8.a3 Bc5 9.h3 d5 
10.Bg5 d4 11.Nd5 Be6 12.Nxf6+ gxf6 13.Bh6 Bf8 
14.Qd2 f5 15.Bg5 Be7 16.Bxe7 Qxe7 17.Qh6 Qf8 
18.Qg5+ Qg7 19.Qxg7+ Kxg7 20.exf5 Bxf5 21.Nh4 Be6 
22.f4 Reg8 23.Bh5 Kh8 24.fxe5 Nxe5 25.Rae1 Ng6 
26.Bxg6 hxg6 27.Re4 g5 28.Nf3 c5 29.Re5 g4 30.hxg4 
Bxg4 31.Ng5 f5 32.Nf7+ Kg7 33.Nd6 b6 34.Nxf5+ Kg6 
35.Ne7+ 1-0

[Event "HCL-A2658"]
[Site "www.playchess.de"]
[Date "2006.03.30"]
[Round "10"]
[White "hal1958"]
[Black "Wernswig"]
[WhiteElo "1430"]
[BlackElo "1416"]
[PlyCount "66"]
[Result "0-1"]

1.b4 e5 2.Bb2 d6 3.e3 Be6 4.Nf3 Nf6 5.c4 Nbd7 
6.Be2 Be7 7.O-O O-O 8.h3 Ne8 9.d4 f6 10.d5 Bf7 
11.e4 c6 12.a3 Bg6 13.Nfd2 f5 14.Nc3 f4 15.Bg4 Nc7 
16.g3 Qe8 17.Bxd7 Qxd7 18.Kh2 Rf7 19.Qe2 Raf8 
20.Rae1 R7f6 21.g4 Be8 22.f3 Rh6 23.Rfh1 Rh4 
24.Qg2 Qc8 25.Kg1 Bd7 26.Kf2 Rh6 27.Reg1 Bh4+ 
28.Ke2 cxd5 29.Nxd5 Nxd5 30.exd5 b5 31.Rgc1 bxc4 
32.Ne4 Bb5 33.Nxd6 Rxd6 0-1

[Event "HCL-A2630"]
[Site "www.playchess.de"]
[Date "2006.03.30"]
[Round "2"]
[White "hal1958"]
[Black "IRONMAIDEN"]
[WhiteElo "1399"]
[BlackElo "1202"]
[PlyCount "124"]
[Result "0-1"]

1.b4 {have a nice game}  e5 {same to you!}  2.Bb2 
d6 3.e3 Nf6 4.h3 Be7 5.c4 O-O 6.Nf3 Be6 7.Be2 a5 
8.a3 axb4 9.axb4 Rxa1 10.Bxa1 Nbd7 11.O-O b6 12.d3 
e4 13.Bxf6 Nxf6 14.Nd4 c5 15.bxc5 bxc5 16.Nc6 Qc7 
17.Nxe7+ Qxe7 18.Nc3 Qa7 19.Nxe4 Nxe4 20.dxe4 Qa6 
21.Qb3 Ra8 22.Rb1 g6 23.Qb5 Kg7 24.Qxa6 Rxa6 
25.Rd1 f6 26.f3 Kf7 27.g4 Ke7 28.Rd2 Ra1+ 29.Kg2 
h6 30.Rc2 g5 31.f4 Bd7 32.Rb2 Bc6 33.Bd3 Rd1 
34.Be2 Rc1 {(offering draw)}  35.Bd3 Kd7 36.Rc2 
Rxc2+ 37.Bxc2 Kc7 38.Kf2 Kb6 39.Ke2 Ka5 40.Kd3 Kb4 
41.Bd1 Bb7 42.fxg5 hxg5 43.Bf3 Ba6 44.Bd1 Bxc4+ 
45.Kd2 Bb5 46.Ke1 c4 47.Kd2 Ba4 48.Be2 Bb3 49.Bf3 
c3+ 50.Kc1 Ka3 51.Be2 d5 52.exd5 Bxd5 53.Bf1 Kb3 
54.Kb1 Be4+ 55.Kc1 c2 56.Be2 Kc3 57.Bf1 Bf3 58.Bb5 
Bg2 59.Ba4 Bxh3 60.Bxc2 Bxg4 61.e4 Bf3 62.Kb1 
g4 0-1

[Event "HCL-B3964"]
[Site "www.playchess.de"]
[Date "2006.03.30"]
[Round "9"]
[White "hal1958"]
[Black "larese"]
[WhiteElo "1399"]
[BlackElo "894"]
[PlyCount "73"]
[Result "1-0"]

1.b4 {have a nice game}  b5 2.Bb2 Bb7 3.e3 Bc6 
4.Nf3 Bxf3 {thanks, equally, I augur good game}  
5.Qxf3 c6 6.c4 a6 7.cxb5 Qb6 8.bxc6 Nxc6 9.a3 a5 
10.b5 Rb8 11.a4 Nb4 12.Na3 Rc8 13.Bc3 e6 14.Be2 
Nd5 15.Bd4 Qc7 16.O-O Bd6 17.Bxg7 Bxh2+ 18.Kh1 Be5 
19.Bxe5 Qxe5 20.d4 Qd6 21.Nc4 Qc7 22.Ne5 f6 
23.Qh5+ Ke7 24.Qf7+ Kd6 25.Nc4+ Qxc4 26.Bxc4 Rxc4 
27.Qf8+ Nde7 28.Qb8+ Kd5 29.Qb7+ Kd6 30.Qb6+ Kd5 
31.Qxa5 Nh6 32.b6+ Ke4 33.b7 Nhf5 34.Qa8 Rxa8 
35.bxa8Q+ Nd5 36.Qa6 h5 37.Qxc4 1-0

[Event "HCL-A2682"]
[Site "www.playchess.de"]
[Date "2006.03.30"]
[Round "8"]
[White "kilani"]
[Black "rjfb3"]
[WhiteElo "1618"]
[BlackElo "2201"]
[PlyCount "37"]
[Result "1-0"]

1.e4 e5 2.Nf3 Nf6 3.Nc3 d6 4.d4 Nbd7 5.Bb5 c6 
6.Bc4 Be7 7.O-O b5 8.dxe5 dxe5 9.Bd3 a5 10.a3 O-O 
11.Bg5 Qc7 12.Qe2 Bb7 13.Rac1 b4 14.axb4 axb4 
15.Nd1 Nc5 16.Ne3 Ncxe4 17.Bxe4 Nxe4 18.Bxe7 Nf6 
19.Bxf6 1-0

[Event "HCL-A2682"]
[Site "www.playchess.de"]
[Date "2006.03.30"]
[Round "10"]
[White "shadow_cup"]
[Black "rjfb3"]
[WhiteElo "1400"]
[BlackElo "2201"]
[PlyCount "28"]
[Result "0-1"]

1.e3 {hello - have a good game :)}  e5 {hi, from 
Barcelos, Portugal!}  2.Nf3 e4 3.Nd4 c5 4.Nb3 d5 
5.c4 Nf6 6.cxd5 Nxd5 7.Bc4 Be6 8.Bb5+ Nd7 9.Bxd7+ 
Qxd7 10.O-O Bd6 11.f4 Nb4 12.Na3 O-O 13.h3 a5 
14.Nc2 Nd3 0-1

[Event "HCL-C4181"]
[Site "www.playchess.de"]
[Date "2006.03.30"]
[Round "10"]
[White "nichju"]
[Black "epenz"]
[WhiteElo "989"]
[BlackElo "869"]
[PlyCount "134"]
[Result "0-1"]

1.e4 {Hi again!}  e5 {hallo}  2.Nf3 Nc6 3.Bb5 a6 
4.Bxc6 bxc6 5.Nxe5 d6 6.Nxc6 Qg5 7.O-O Bb7 8.d4 
Qg6 9.d5 Bxc6 10.dxc6 Ne7 11.Re1 Nxc6 12.Qd5 Kd7 
13.Nc3 Re8 14.f3 Re5 15.Qc4 a5 16.Nb5 f5 17.Bf4 
Re8 18.e5 Qe6 19.Qd4 d5 20.Qd3 Nb4 21.Qc3 c6 
22.Nd4 Qe7 23.e6+ Kd8 24.a3 Qa7 25.axb4 Bxb4 
26.e7+ Kc8 27.Qd3 Bxe1 28.Qxf5+ Qd7 29.Qxd7+ Kxd7 
30.Rxe1 c5 31.Nf5 Rhg8 32.Bg5 g6 33.Nd6 Kxd6 34.g4 
Rg7 35.f4 d4 36.h4 Rexe7 37.Bxe7+ Rxe7 38.Rxe7 
Kxe7 39.Kf2 Kd6 40.Kf3 Kd5 {(offering draw)}  
41.h5 c4 42.f5 gxf5 43.gxf5 Ke5 44.Kg4 d3 45.cxd3 
cxd3 46.Kf3 Kxf5 47.Ke3 Kg4 48.Kxd3 Kxh5 49.Kc3 
Kg4 50.Kd3 h5 51.Ke2 Kg3 52.Kf1 Kf3 53.Kg1 Ke3 
54.Kg2 Kd2 55.Kg3 Kc2 56.Kh4 Kxb2 57.Kxh5 a4 
58.Kg4 a3 59.Kf5 a2 60.Ke6 a1Q 61.Ke7 Qd1 62.Ke6 
Kc3 63.Ke7 Qd5 64.Kf6 Kd4 65.Ke7 Ke5 66.Ke8 Kf6 
67.Kf8 Qf7+ 0-1

[Event "HCL-B3935"]
[Site "www.playchess.de"]
[Date "2006.03.30"]
[Round "2"]
[White "djpnola"]
[Black "slavi"]
[WhiteElo "1067"]
[BlackElo "1531"]
[PlyCount "88"]
[Result "0-1"]

1.f4 {Hello}  e6 2.e4 d5 3.e5 c5 4.Nf3 Nc6 5.d4 
Qb6 6.Na3 cxd4 7.Bb5 Bxa3 8.Bxc6+ bxc6 9.bxa3 c5 
10.O-O Ne7 11.Bd2 O-O 12.Ng5 h6 13.Nh3 Nf5 14.g4 
Ne3 15.Bxe3 dxe3 16.Qe2 d4 17.f5 Ba6 18.c4 Qc6 
19.Nf4 Bb7 20.Ng2 Rad8 21.fxe6 fxe6 22.Rxf8+ Rxf8 
23.Rf1 Rxf1+ 24.Qxf1 Qxg2+ 25.Qxg2 Bxg2 26.Kxg2 
{(offering draw)}  e2 {Sorry but I win...}  27.Kf2 
d3 28.Ke1 Kf7 29.h4 h5 30.gxh5 Kg8 31.a4 Kh7 
32.Kd2 Kh6 33.a5 Kxh5 34.a4 Kxh4 35.a6 Kg3 36.Ke1 
Kg2 37.a5 Kg1 38.Kd2 Kf2 39.Kc3 e1Q+ 40.Kxd3 Qe3+ 
41.Kc2 Ke1 42.Kb2 Kd1 43.Ka2 Kc1 44.Ka1 {Good 
game.}  Qa3+ {Yes - good I think} 
 0-1

[Event "HCL-B3924"]
[Site "www.playchess.de"]
[Date "2006.03.30"]
[Round "9"]
[White "RUDI"]
[Black "mothball"]
[WhiteElo "1291"]
[BlackElo "1267"]
[PlyCount "56"]
[Result "0-1"]

1.c4 Nf6 2.d4 d5 3.Nc3 Nc6 4.e3 e5 5.c5 Ne4 6.Bb5 
Nxc3 7.bxc3 Bd7 8.Ne2 Be7 9.O-O O-O 10.Bxc6 Bxc6 
11.Ba3 e4 12.f4 exf3 13.Rxf3 Re8 14.Qd2 Bh4 15.Nf4 
Qg5 16.Raf1 Bd7 17.Nd3 Re7 18.c6 bxc6 19.Bxe7 Qxe7 
20.Ne5 f6 21.Nxd7 Qxd7 22.Rb1 Bg5 23.Rb3 Re8 
24.Rb1 Re4 25.Rb7 Qe7 26.Rxa7 Rxe3 27.Ra8+ Kf7 
28.Kf2 Rxf3+ 0-1

[Event "HCL-C4225"]
[Site "www.playchess.de"]
[Date "2006.03.30"]
[Round "4"]
[White "patzer55"]
[Black "nicola"]
[WhiteElo "1484"]
[BlackElo "1221"]
[PlyCount "71"]
[Result "1-0"]

1.e4 e6 {hi}  2.d4 {hi}  b6 3.Be2 Bb7 4.Bf3 Nf6 
5.e5 Nc6 6.exf6 Qxf6 7.Be3 Bd6 8.Nc3 a6 9.Ne4 Qe7 
10.Ne2 Na5 11.Bg5 Qf8 12.Nxd6+ Qxd6 13.Bxb7 Nxb7 
14.Bf4 Qc6 15.O-O d6 16.c3 h6 17.Ng3 g5 18.Bd2 
O-O-O 19.Qh5 Rdf8 20.Rfe1 Nd8 21.Ne4 f5 22.Ng3 f4 
23.Nf1 Qd7 24.Qf3 Kb8 25.Qd3 Ka7 26.a4 h5 27.b4 h4 
28.h3 f3 29.gxf3 Rhg8 30.Nh2 Rf7 31.Ng4 Rgf8 
32.Bxg5 R7xf3 33.Re3 R3f5 34.Bxh4 Qg7 35.Rg3 Nc6 
36.Ne3 1-0

[Event "HCL-A2663"]
[Site "www.playchess.de"]
[Date "2006.03.30"]
[Round "18"]
[White "RUDI"]
[Black "PhilipKaveny"]
[WhiteElo "1232"]
[BlackElo "1336"]
[PlyCount "74"]
[Result "1-0"]

1.e4 {Good morning!}  g6 {Welcome back}  2.d4 d6 
3.Nc3 Bg7 4.Nf3 Nf6 5.Be3 O-O 6.Bd3 c6 7.O-O Qc7 
8.Rb1 Bg4 {Hi Rudi I am briefly in Class E till 
you or Iron Madian knocks me out.}  9.Be2 {I don`t 
think we knock you out - just B-league, that`s the 
level, you improved so much that it`s almost 
immpossible to beat you.}  Rd8 {Okay I will tell a 
secret--I  improved when I started to accept 
losing it took a long time but I am putting fear 
into some pretty good players}  10.d5 {sounds 
logical, by the way, Victor Kortschnoi celebrates 
his 75th birthday. he still plays on 2608 ELO, 
place 120 worldwide.}  a6 {Wow  I must say my 
after my first game with you I knew I had to find 
a way of making the games less exhausting I don't 
play for draws  but it puts pressure on the 
stronger player}  11.Nd2 {if he wants to win, 
yes.}  Bxe2 12.Qxe2 cxd5 13.exd5 e6 14.dxe6 fxe6 
15.Nde4 Nxe4 16.Nxe4 Nc6 17.c3 h6 18.a4 d5 19.Nc5 
Rde8 20.Qd2 Ne5 21.Rfc1 Nc4 22.Qe2 Nxe3 {Good News 
I have to go for a win :) As I told Iron Maiden so 
I will probably lose :) One of my oppenents in 
Human Chess league admitted to using a computer he 
was very self rightious about saying only allowed 
him to calculate Variations more quickly}  23.Qxe3 
{you mean foinaven, right?
I just think it`s not fair, we`re thinking our 
brains out and other`s use some help to support 
their lazyness - anyway he should get reported and 
penalyzed appropriately.}  e5 {Right I told Him If 
he was an American  He would vote for George Bush 
He addmitted it to me in print I will report him. 
I got really upset}  24.b4 {no reason to get 
upset, but it`s a matter of being a good sportsman 
and to adhere to some rules. So I will try to win 
this one with only my brain!}  Qe7 25.Qd3 Kh7 
26.Qxd5 {this is David vs.goliath now, as you are 
2 classes above me}  b6 {But not for long}  27.Ne4 
{whatever that means!...}  Rad8 28.Qc4 Qb7 29.Rcd1 
b5 30.axb5 axb5 31.Qe2 Rxd1+ 32.Rxd1 Qb8 33.Rd7 
Rf8 34.Qd3 {this could be our last game for a 
while. I`m gonna get some more experience with B, 
rise back up to A and then go for it up to next 
level.}  Qa8 {I hope not our games have a certain 
clarity and when I lose to you it seems   

Like I then beat a number of strong players --For 
of my games against 1500+ player just turned 
completely in my favor---}  35.g3 {you just 
improved a lot, but I will also improve soon}  
Qa1+ 36.Kg2 Qa8 {If I can inprove at 61 so can you 
 I signed up for a Tournamnet with fionhaven may 
beat me but he will be doing a lot of database 
hunting}  37.Qd5 {61 is just the correct age to 
start...Problem with me is that I am selfemployed 
and have no time to really study the subject. But 
I will improve by playing more and more and 
comitting less faults. By the way I`m 44 next 
month. fionhaven has little fun}  Qxd5 
{Semi-employed is good Fionhaven Just called me a 
Red-Neck--Make a move quick and the game is yours 
--that is meant as a compliment to a good 
game--Yes I will Have fun with him ---Do you know 
about  Kaztzenyammer Kids he will be the Katzen 
for me}  1-0

[Event "HCL-A2649"]
[Site "www.playchess.de"]
[Date "2006.03.30"]
[Round "2"]
[White "baggur"]
[Black "KingGeorge"]
[WhiteElo "1560"]
[BlackElo "1574"]
[PlyCount "57"]
[Result "1-0"]

1.e4 {hello}  e6 2.d4 d5 3.Nc3 Bb4 4.e5 c5 5.a3 
Bxc3+ 6.bxc3 Ne7 7.Nf3 Bd7 8.a4 Qa5 9.Bd2 c4 
10.Be2 Bxa4 11.O-O b5 12.Ng5 h6 13.Nh3 Nd7 14.f4 
O-O-O 15.Qb1 Qc7 16.Bg4 h5 17.Bf3 f6 18.exf6 gxf6 
19.Re1 Nf8 20.Qb4 Rd6 21.f5 a5 22.Qb1 Nxf5 23.Bf4 
Qg7 24.Bxd6 Nxd6 25.Nf4 Qh7 26.Rxa4 bxa4 27.Nxe6 
Ne4 28.Qb6 f5 29.Qd8+ 1-0

[Event "HCL-B3914"]
[Site "www.playchess.de"]
[Date "2006.03.30"]
[Round "7"]
[White "epenz"]
[Black "Mosselman"]
[WhiteElo "830"]
[BlackElo "1376"]
[PlyCount "66"]
[Result "0-1"]

1.e4 c5 2.Nf3 Nc6 3.Bc4 d6 4.d3 Bg4 5.h3 Bh5 6.O-O 
Ne5 7.Nbd2 a6 8.Bd5 Qc7 9.b3 Nxf3+ 10.Nxf3 e6 
11.Bc4 b5 12.Bxb5+ axb5 13.a4 Nf6 14.Bg5 Be7 
15.axb5 O-O 16.c4 h6 17.Bxf6 Bxf6 18.Rxa8 Rxa8 
19.g4 Bg6 20.Re1 Bc3 21.Re2 Ra1 22.Qxa1 Bxa1 
23.Re1 Qa5 24.Rb1 Qa2 25.Re1 Bc3 26.Re3 Qxb3 
27.Kg2 f6 28.Kg3 Be8 29.h4 g5 30.h5 Bxb5 31.cxb5 
Qxb5 32.Nh2 Bd4 33.Re2 Qxd3+ 0-1

[Event "HCL-B3942"]
[Site "www.playchess.de"]
[Date "2006.03.30"]
[Round "5"]
[White "patzer55"]
[Black "Azimut"]
[WhiteElo "1456"]
[BlackElo "1424"]
[PlyCount "80"]
[Result "0-1"]

1.e4 {hi, michel, nice to meet you again}  d6 
{Hello Lenhart ! Nice to play you again but is it 
a good new for me ?...  :-)))  Well, I'll try to 
take my revange... All my best wishes my friend!}  
2.d4 {My first name is günter}  e6 {Oups... 
Sorry.}  3.Nf3 b6 4.Bb5+ Nd7 5.Bxd7+ Qxd7 6.O-O 
Bb7 7.Nc3 g6 8.Re1 Bg7 9.d5 e5 10.Ne2 Ne7 11.c4 h6 
12.Nc3 a6 13.b4 O-O 14.a4 f5 15.exf5 Nxf5 16.Be3 
e4 17.Nd4 c5 18.bxc5 bxc5 19.Nde2 Nxe3 20.fxe3 Qg4 
21.Nf4 Qxd1 22.Rexd1 Bxc3 23.Rab1 Bb4 24.Nxg6 Rf7 
25.Nf4 Kh8 26.Rb2 Rg8 27.Rf2 Kh7 28.Rdf1 Bc8 
29.Nh5 Rxf2 30.Rxf2 Bc3 31.Rf4 Rg5 32.Ng3 Be5 
33.Rf7+ Rg7 34.Rxg7+ Kxg7 35.Nxe4 Bf5 36.Nd2 Bc3 
37.e4 Bg6 38.Nb1 Bd4+ 39.Kf1 Bxe4 40.Nd2 
Bd3+ 0-1

[Event "HCL-C4164"]
[Site "www.playchess.de"]
[Date "2006.03.30"]
[Round "10"]
[White "Milosforman"]
[Black "Gordon"]
[WhiteElo "967"]
[BlackElo "1008"]
[PlyCount "67"]
[Result "1-0"]

1.d4 d5 2.Nf3 Nf6 3.c3 Bf5 4.e3 e6 5.Ne5 Qe7 6.g4 
Be4 7.f3 Bxb1 8.Rxb1 Nbd7 9.Nxd7 Qxd7 10.a4 Bd6 
11.g5 Nh5 12.f4 O-O-O 13.Qxh5 g6 14.Qe2 Qxa4 15.b3 
Qc6 16.Bd2 a5 17.Ra1 b6 18.Qa6+ Kd7 19.Bb5 Ke7 
20.Bxc6 Rhf8 21.b4 axb4 22.cxb4 f6 23.Ba4 Rda8 
24.Qb5 fxg5 25.fxg5 Rf5 26.Qd7+ Kf8 27.Qxe6 b5 
28.Rf1 Rxf1+ 29.Kxf1 Re8 30.Qf6+ Kg8 31.Bxb5 Rf8 
32.Qxf8+ Bxf8 33.Ra8 Kf7 34.Rxf8+ 1-0

[Event "HCL-A2615"]
[Site "www.playchess.de"]
[Date "2006.03.30"]
[Round "10"]
[White "stevetilbury"]
[Black "pop3dan"]
[WhiteElo "1640"]
[BlackElo "1763"]
[PlyCount "72"]
[Result "0-1"]

1.e4 {Hello from london}  c5 2.Nf3 d6 {hi from New 
Jersey, USA}  3.d4 {Been a bit cold there has it?} 
 cxd4 {indeed, snow storms last weekend}  4.Nxd4 
Nf6 5.Nc3 {As usual when there is a bad storm on 
the east coast of the US, the UK gets strong 
westerly winds from the Atlantic with rain, and 
the rain is very cold this time round.}  a6 
{really? you know a lot about wheater issues, yoo 
do that for living?}  6.Be2 {No, I read it in the 
newpaper I work in IT. Yourself?}  e6 {I work in 
IT too (GIS) and looking for a change in career 
:)}  7.O-O {What to? I just carrying on now until 
retirement or redundancy}  Be7 {well, something in 
business, maybe in online education, is very hard 
to be up to date in the IT area}  8.Be3 {Yes - I 
find it easier to leave all the modern stuff to 
the youngsters. I work on mainframes as hardly any 
of the youngsters want to. I have 25 years 
continuous service with my company so when they no 
longer need me the payoff should be quite good}  
O-O {that is great, I'd love to have such big term 
relationship with a company, and what you will do 
after retirmenent?}  9.f4 {Depends, who knows 
where technology is going, ideally just spend the 
day reading and chillin'}  Qc7 {one of this days 
there will be only computers doing the work}  
10.Qe1 {Hopefully I'll be retired then!!}  Nc6 
{For sure, but me??? I've got 30 more years untill 
retirement! :)}  11.Bf3 Bd7 12.Qf2 b5 13.a3 Rac8 
14.Nxc6 Bxc6 15.Rae1 Qb7 16.Bd4 b4 17.axb4 Qxb4 
18.Nb1 Bb5 19.c3 Qb3 20.Bxf6 Bxf6 21.Be2 Qxb2 
22.Bxb5 Qxf2+ 23.Rxf2 axb5 24.Rb2 Rc5 25.Rd1 Rd8 
26.Rbd2 Be7 27.Na3 Ra8 28.Nb1 h5 29.g3 Ra1 30.Kg2 
Rc4 31.Rb2 Rxe4 32.Rxb5 Re2+ 33.Kg1 d5 34.Rb8+ Kh7 
35.Rb7 Bc5+ 36.Kh1 Raa2 0-1

[Event "HCL-C4199"]
[Site "www.playchess.de"]
[Date "2006.03.30"]
[Round "3"]
[White "Thrustnicely"]
[Black "Azimut"]
[WhiteElo "975"]
[BlackElo "1506"]
[PlyCount "112"]
[Result "1/2-1/2"]

1.e4 b6 {Dear friend, please to meet you and best 
wishes for the tournament. Kind regards.}  2.d4 
{Yes my fine French foe - may our battle be filled 
with deeds of heroism}  Bb7 {ah,ah... indeed, we 
were often foe in the history... But today with 
our chess game, we are peaceful foe. ;-)}  3.d5 
{Yes , but we've always been on the same side for 
the big ones !!. Myself and Bense are worried 
about your lovely rating}  d6 {You know, I like 
very well English people. You are a great nation. 
About my rating don't worrie because I only win 4 
games with a great part of luck. I always play 
unorthodox... It's very dangerous but don't play 
like books is a real pleasure !}  4.Bb5+ {yes i've 
got a book on chess but i don't think i can learn 
that way - by the way i've spent my last two 
summer vacations in your lovely country & your 
english is great .}  Nd7 {Last time I come to 
England was to run the London Marathon. A great 
race with around 33.000 runners! Where do you come 
in France ?}  5.Nf3 {last year in Normandy ( Sword 
Beach ) & the year before Riberac ( down south 
)..}  g6 {Normadie is very nice, I have some 
family here.}  6.Ng5 h6 7.Bxd7+ Qxd7 8.Nh3 Bg7 
9.c3 e6 10.O-O e5 11.f4 Ne7 12.Qf3 O-O-O 13.g4 Ba6 
14.Rf2 Kb8 15.a4 Bc8 16.f5 h5 17.Ng5 Ng8 18.fxg6 
f6 19.Nf7 hxg4 20.Qe2 g3 21.hxg3 Rh3 22.Nxd8 Qxd8 
23.Rh2 Rxg3+ 24.Rg2 Bg4 25.Qf2 Rxg2+ 26.Qxg2 Qd7 
27.Kh2 Ne7 28.Nd2 Nxg6 29.Nf3 f5 30.Ng5 f4 31.c4 
Bf6 32.Ne6 Qh7+ 33.Kg1 Qh4 34.Bd2 f3 35.Qf1 Qg3+ 
36.Kh1 f2 37.Ra3 Qh4+ 38.Kg2 Bxe6 39.dxe6 Qxe4+ 
40.Kxf2 Bh4+ 41.Kg1 Qd4+ 42.Be3 Qg4+ 43.Qg2 Qxe6 
44.b4 Nf4 45.Bxf4 exf4 46.Rh3 Bf6 47.c5 dxc5 
48.bxc5 Bd4+ 49.Kh2 Be5 50.Rf3 bxc5 51.Qh3 
{(offering draw) This way we both go up !!}  Qxh3+ 
{Hmmm... I'll try to continuous... I perhaps make 
a mistake :-)}  52.Kxh3 {Good -  Perhaps today IS 
a good day to die}  Kb7 53.Kg4 Kc6 54.Rd3 Kb6 
55.Rb3+ Kc6 56.Rd3 {i thoght we'd agreed you can't 
go that way ...}  Kb6 {(offering draw) Ok, I think 
you are right and it's my time to offer you 
Draw... :-)}  1/2-1/2

[Event "HCL-C4170"]
[Site "www.playchess.de"]
[Date "2006.03.30"]
[Round "11"]
[White "epenz"]
[Black "Thrustnicely"]
[WhiteElo "869"]
[BlackElo "1024"]
[PlyCount "106"]
[Result "0-1"]

1.e4 e5 2.Nf3 Bc5 3.Bc4 Qf6 4.d3 h6 5.O-O Nc6 
6.Re1 Nd4 7.c3 Nxf3+ 8.Qxf3 g5 9.Qxf6 Nxf6 10.a3 
a5 11.Be3 b6 12.Bxc5 bxc5 13.Nd2 c6 14.Nf3 d6 
15.d4 cxd4 16.cxd4 Ke7 17.b4 Bb7 18.b5 cxb5 
19.Bxb5 Bxe4 20.dxe5 dxe5 21.Nxe5 Ke6 22.Nc4 Rab8 
23.Ba4 Rhd8 24.Nxa5 Rd6 25.Nc4 Rd4 26.Rac1 Ra8 
27.Bb3 Kf5 28.a4 Rb8 29.Re3 Ng4 30.Rec3 Bd5 31.h3 
Ne5 32.Nxe5 Kxe5 33.R3c5 Rxb3 34.a5 Rbb4 35.Ra1 
Kd6 36.Rc3 Rba4 37.Rxa4 Rxa4 38.Rd3 Rxa5 39.f3 
Ra1+ 40.Kf2 f5 41.Rd2 Ra2 42.Rxa2 Bxa2 43.g3 Ke5 
44.Ke3 f4+ 45.Kf2 Be6 46.h4 g4 47.Kg2 Bd5 48.Kf2 
Bxf3 49.gxf4+ Kxf4 50.Kf1 g3 51.Kg1 Kg4 52.h5 Kh3 
53.Kf1 Kh2 0-1

[Event "HCL-A2635"]
[Site "www.playchess.de"]
[Date "2006.03.30"]
[Round "5"]
[White "Rale"]
[Black "blackburne"]
[WhiteElo "1906"]
[BlackElo "1643"]
[PlyCount "51"]
[Result "1-0"]

1.d4 d5 {Hello to the netherlands}  2.Nc3 {Hello 
to Blackburne}  Nf6 3.Nf3 Bg4 4.Ne5 Bf5 5.e3 a6 
6.g4 Bg6 7.Nxg6 hxg6 8.Bg2 e6 9.f4 c5 10.h3 Nc6 
11.Ne2 Bd6 12.c3 Rc8 13.Qd3 cxd4 14.exd4 Qc7 
15.Be3 b5 16.a3 Na5 17.b4 Nc4 18.Bc1 O-O 19.Bf3 
Nd7 20.h4 Nf6 {(offering draw)}  21.h5 Qc6 22.h6 
Ne4 23.Bxe4 dxe4 24.Qh3 f5 25.hxg7 Rfd8 
26.Qh7+ 1-0

[Event "HCL-C4225"]
[Site "www.playchess.de"]
[Date "2006.03.30"]
[Round "2"]
[White "Idris"]
[Black "patzer55"]
[WhiteElo "869"]
[BlackElo "1484"]
[PlyCount "36"]
[Result "0-1"]

1.e4 {Hello}  e5 {hi,nice to meet you}  2.Nf3 Nc6 
3.d4 exd4 4.Nxd4 Nf6 5.Bc4 Nxe4 6.Qh5 Qf6 7.Nf5 g6 
8.Qf3 Qxf5 9.Bf4 Bd6 10.g3 Bxf4 11.gxf4 d5 12.Bd3 
Nb4 13.Bb5+ c6 14.Be2 Nxc2+ 15.Kd1 Nxa1 16.Na3 Qh3 
17.Qxh3 Bxh3 18.f3 Nf2+ 0-1